| 000 | 00982cam a22002895a 4500 | ||
|---|---|---|---|
| 001 | 016801491 | ||
| 003 | OSt | ||
| 005 | 20160218121941.0 | ||
| 008 | 140723s2014 enka frb 001 0 eng d | ||
| 020 | _a9781138010628 (pbk.) | ||
| 040 |
_aStDuBDS _beng _cStDuBDS _dEG-ScBUE |
||
| 082 | 0 | 4 |
_a338.4791 _222 _bTOU |
| 245 | 0 | 0 |
_aTourism, creativity and development / _cedited by Greg Richards and Julie Wilson. |
| 260 |
_aOxfordshire ; _aNew York : _bRoutledge / Taylor & Francis Group, _c2014. |
||
| 300 |
_axxii, 323 p. : _bill. ; _c24 cm. |
||
| 490 | 0 | _aContemporary geographies of leisure, tourism and mobility. | |
| 500 | _aOriginally published: 2007. | ||
| 500 | _aIndex : p. 319-323. | ||
| 504 | _aBibliography : p. 289-318. | ||
| 650 | 7 |
_aTourism. _2BUEsh _931773 |
|
| 650 | 7 |
_aSustainable development. _2BUEsh _93569 |
|
| 651 | _2BUEsh | ||
| 653 |
_bBUSADM _cFebruary2016 |
||
| 700 | 1 |
_aRichards, Greg, _eeditor. |
|
| 700 | 1 |
_aWilson, Julie, _d1975- _eeditor. |
|
| 942 | _2ddc | ||
| 999 |
_c21185 _d21157 |
||